000 00673nam a2200181Ia 4500
008 090124s9999 xx 000 0 und d
082 _b31292
100 _aओक चारुशीला
245 _a गोष्ट एका काळ्या प्रहराची
250 _a1
260 _bमेहता पब्लिशिंग हाऊस
_c1993
300 _a158
600 _aओक चारुशीला
630 _a गोष्ट एका काळ्या प्रहराची
700 _aओक चारुशीला
730 _a गोष्ट एका काळ्या प्रहराची
942 _cBOOK
999 _c97354
_d97354